000 02546cam a2200337 4500500
005 20251228050521.0
041 _afre
042 _adc
100 1 0 _aHerman, Elisa
_eauthor
245 0 0 _aLa bonne distance. L'idéologie de la complémentarité légitimée en centres de loisirs
260 _c2007.
500 _a68
520 _aRésuméCette enquête en centres de loisirs montre ce que l’organisation des équipes d’animatrices et d’animateurs doit conjointement au soupçon de pédophilie pesant plus facilement sur les hommes, et à l’assignation des femmes au travail de care dans le cadre de la division sexuée du travail. Dans un contexte médiatique de ‘panique morale’ à ce sujet, on observe une légitimation accrue de l’idéologie de la complémentarité, tandis que l’éventualité d’une interchangeabilité des animatrices et des animateurs devient moins probable. Cela conduit à un renforcement des assignations de genre et de la hiérarchie des tâches selon leur proximité avec le domaine du sale et du soupçon, et introduit une inégalité entre animatrices et animateurs face à ces situations.1
520 _aThe right distance. The ideology of legitimized gender complementarity in leisure centresThis study in leisure centres shows the way in which the teams of male and female workers are organised is influenced on the one hand by the suspicions of paedophilia that fall more easily on men and on the other the attribution to women of care work in a gendered division of labour. In a media context of “moral panic” on this subject, we see an increased legitimization of the ideology of “complementarity”, while the possibility of interchangeability becomes less probable. This leads to a strengthening of gender norms and a hierarchy of tasks according to how close they are to what is considered dirty or suspicious, and introduces an inequality between men and women in these situations.
690 _acare
690 _acentres de loisirs
690 _acorps
690 _amixité professionnelle
690 _apédophilie
690 _apetite enfance
690 _arôles sexués
690 _abody
690 _acare
690 _aearly childhood
690 _agender roles
690 _aleisure centres
690 _apedophilia
690 _aprofessional mixity
786 0 _nCahiers du Genre | 42 | 1 | 2007-04-01 | p. 121-139 | 1298-6046
856 4 1 _uhttps://shs.cairn.info/revue-cahiers-du-genre-2007-1-page-121?lang=fr&redirect-ssocas=7080
999 _c1580533
_d1580533